000 00370nam a2200121Ia 4500
008 220620s9999||||xx |||||||||||||| ||und||
245 0 _aDisinfection
546 _aEnglish[eng]
650 _aPublic health & preventive medicine
700 _aKırmusaoğlu, Sahra
856 _uhttps://mts.intechopen.com/storage/books/6601/authors_book/authors_book.pdf
942 _cEB
999 _c26797
_d26797